000 01461nam a2200337 a 4500
003 MX-MxUPN
005 20241001063941.0
008 991125s1927 sp a fr 001 0 spa d
035 _aUPN01000038559
040 _aMX-MxUPN
_bspa
_cMX-MxUPN
041 _aspa
_hfre
050 0 4 _aLB775 D42
_bH348 1927
100 1 _aHamaïde, Amélie
_952384
245 1 3 _aEl método Decroly
250 _aSegunda edición corregida
260 _aMadrid :
_bFrancisco Beltrán,
_c1927.
300 _a281 páginas :
_bilustraciones
490 0 _aActualidades pedagógicas
500 _aTambién disponible en la Colección Medina
505 0 0 _tLa función de globalización y la enseñanza /
_rO. Decroly ; con un estudio preliminar de Lorenzo Luzuriaga
_g(78 páginas. La pedagogía contemporanea ; v) .
_t Hacia la escuela renovada : una primera etapa /
_rOv. Decroly y Gerard Boon ; traducción Sidonio Pintado.
_u(52 páginas. Ciencia y educación. Folletos).
650 4 _aMétodo de educación de Decroly
_912937
650 4 _aEnseñanza
_96215
700 1 _952382
_aBoon, Gérard
700 1 _aClaparède, Edouard,
_d1873-1940
_eprefacio
_930301
700 1 _949006
_aPintado Arroyo, Sidonio
_etraducción
_e prólogo
700 1 _aLuzuriaga, Lorenzo,
_d1889-1959
_epreliminar
_930333
710 2 _aInstituto Nacional de Investigación Educativa (México)
_epropietario anterior
_928086
902 _bMaríaRobles/130624
905 _aLibro
942 _2lcc
_cLIBRO
_n0
999 _c38559
_d38559